Fr. Conceicao Rodrigues College of Engineering

English (Record no. 21785)

MARC details
000 -LEADER
fixed length control field 00218nam a2200109Ia 4500
100 ## - MAIN ENTRY--PERSONAL NAME
Personal name GAIKWAD/ NAIR
245 ## - TITLE STATEMENT
Title English
260 ## - PUBLICATION, DISTRIBUTION, ETC.
Name of publisher, distributor, etc. S.Chand
Place of publication, distribution, etc. New Delhi
Date of publication, distribution, etc. 2013
546 ## - LANGUAGE NOTE
Language note ENGLISH
650 ## - SUBJECT ADDED ENTRY--TOPICAL TERM
Topical term or geographic name entry element English
942 ## - ADDED ENTRY ELEMENTS (KOHA)
Koha item type BOOK
Holdings
Withdrawn status Lost status Damaged status Not for loan Collection Home library Current library Date acquired Total Checkouts Full call number Barcode Date last seen Date last checked out Price effective from Koha item type
        AFT Fr. Agnel's C.Rodrigues College of Engineering Fr. Agnel's C.Rodrigues College of Engineering 17/03/2023 1 AFT8240 19/09/2025 06/08/2025   BOOK